[Event "Moscow 05"]
[Site "Moscow"]
[Date "2009.05.15"]
[Round "8"]
[White "Shabanov, Yuri"]
[Black "Varnavski, Sergei"]
[Result "0-1"]
[WhiteElo "2411"]
[BlackElo "2283"]
[PlyCount "90"]
[EventDate "2009.05.08"]
[EventType "tourn"]
[EventRounds "11"]
[EventCountry "RUS"]
[EventCategory "3"]
[SourceTitle "CBM 130 Extra"]
[Source "ChessBase"]
[SourceDate "2009.07.02"]
[SourceVersion "2"]
[SourceVersionDate "2009.07.15"]
[SourceQuality "1"]

1. e4 c5 2. Nf3 Nc6 3. Bb5 Qc7 4. 0-0 e6 5. Re1 a6 6. Bf1 Be7 7. c3 Nf6 8. d4 cxd4 9. cxd4 d5 10. e5 Ne4 11. Nbd2 Nxd2 12. Bxd2 Qb6 13. Bc3 Bd7 14. Qd2 0-0 15. Bd3 Nb4 16. Bb1 a5 17. Ng5 g6 18. h4 Qd8 19. Qf4 b5 20. Re3 f5 21. Rg3 Bxg5 22. Rxg5 Kf7 23. h5 Rg8 24. a3 Nc6 25. Bd2 b4 26. Bd3 Qb6 27. Be3 bxa3 28. bxa3 Qb2 29. Rc1 Qxa3 30. Bb5 Rac8 31. Bf1 Qe7 32. Be2 Nb4 33. Rb1 a4 34. Bc1 Na2 35. hxg6+ hxg6 36. Rg3 Nc3 37. Rb2 a3 38. Rc2 a2 39. Bb2 Nxe2+ 40. Rxe2 g5 41. Qd2 Rh8 42. Re1 g4 43. f4 Qh4 44. Kf2 Rc4 45. Rc1 Rb8 0-1

[Event "Moscow 05"]
[Site "Moscow"]
[Date "2009.05.11"]
[Round "4"]
[White "Bagirov, Rufat"]
[Black "Shabanov, Yuri"]
[Result "1-0"]
[WhiteElo "2484"]
[BlackElo "2411"]
[PlyCount "97"]
[EventDate "2009.05.08"]
[EventType "tourn"]
[EventRounds "11"]
[EventCountry "RUS"]
[EventCategory "3"]
[SourceTitle "CBM 130 Extra"]
[Source "ChessBase"]
[SourceDate "2009.07.02"]
[SourceVersion "2"]
[SourceVersionDate "2009.07.15"]
[SourceQuality "1"]

1. d4 d5 2. Nf3 Nf6 3. c4 c6 4. Nc3 e6 5. Bg5 h6 6. Bxf6 Qxf6 7. Qb3 Nd7 8. e4 dxe4 9. Nxe4 Qf4 10. Bd3 Be7 11. 0-0 0-0 12. Rad1 Nf6 13. Rfe1 Qc7 14. Bb1 Nxe4 15. Rxe4 Bf6 16. Ne5 g6 17. h4 Bg7 18. Qc2 Bd7 19. Re3 Be8 20. h5 Bxe5 21. dxe5 Rd8 22. Rxd8 Qxd8 23. Rg3 Qe7 24. c5 f5 25. hxg6 Kg7 26. Rd3 Bxg6 27. Rd6 Bf7 28. Qd2 Qg5 29. Qxg5+ hxg5 30. Rd7 Kg6 31. g4 Rb8 32. b3 a5 33. Kg2 a4 34. bxa4 Ra8 35. Rd6 Kg7 36. gxf5 exf5 37. Bxf5 Bd5+ 38. Kg3 Rxa4 39. Rd7+ Kf8 40. Rxb7 Rxa2 41. Kg4 Re2 42. Kxg5 Rxe5 43. Kf6 Re8 44. f4 Kg8 45. Rc7 Rf8+ 46. Ke5 Re8+ 47. Kf6 Rf8+ 48. Kg6 Kh8 49. Rc8 1-0

[Event "Moscow 05"]
[Site "Moscow"]
[Date "2009.05.08"]
[Round "1"]
[White "Shabanov, Yuri"]
[Black "Przybylski, Wojciech"]
[Result "1-0"]
[WhiteElo "2411"]
[BlackElo "2345"]
[PlyCount "97"]
[EventDate "2009.05.08"]
[EventType "tourn"]
[EventRounds "11"]
[EventCountry "RUS"]
[EventCategory "3"]
[SourceTitle "CBM 130 Extra"]
[Source "ChessBase"]
[SourceDate "2009.07.02"]
[SourceVersion "2"]
[SourceVersionDate "2009.07.15"]
[SourceQuality "1"]

1. e4 c5 2. Nf3 d6 3. Bb5+ Nd7 4. 0-0 Ngf6 5. Re1 e6 6. c3 Be7 7. d4 cxd4 8. cxd4 0-0 9. Nc3 a6 10. Bd3 Re8 11. e5 Nd5 12. Nxd5 exd5 13. exd6 Bxd6 14. Rxe8+ Qxe8 15. Qb3 Nf6 16. Bg5 Qd8 17. Re1 Be7 18. Bxf6 Bxf6 19. Qxd5 Be6 20. Qe4 g6 21. b3 Bd5 22. Qf4 Bxf3 23. Qxf3 Bxd4 24. Qxb7 Ra7 25. Qf3 Qa5 26. Re2 Qc3 27. g3 a5 28. Kg2 Kg7 29. Bc4 Qxf3+ 30. Kxf3 h5 31. Rd2 Bc3 32. Rd3 Be1 33. a3 Re7 34. Rd5 Bc3 35. Rc5 Ra7 36. Bd5 Bd4 37. Rc4 Bb6 38. Be4 f5 39. Bd3 Rd7 40. Be2 Rd2 41. Rc6 Bd4 42. Rd6 g5 43. b4 axb4 44. axb4 g4+ 45. Kg2 Kf8 46. Kf1 Ke7 47. Rd5 Kf6 48. Ke1 Ke6 49. Bc4 1-0

[Event "EU-chT Seniors 10th"]
[Site "Dresden"]
[Date "2008.02.17"]
[Round "7.2"]
[White "Pribyl, Josef"]
[Black "Shabanov, Yuri"]
[Result "1/2-1/2"]
[WhiteElo "2367"]
[BlackElo "2451"]
[PlyCount "23"]
[EventDate "2008.02.11"]
[EventType "team-swiss"]
[EventRounds "9"]
[EventCountry "GER"]
[SourceTitle "CBM 122 Extra"]
[Source "ChessBase"]
[SourceDate "2008.03.04"]
[SourceVersion "1"]
[SourceVersionDate "2008.03.04"]
[SourceQuality "1"]
[WhiteTeam "Czech Republic"]
[BlackTeam "Moscow"]
[WhiteTeamCountry "CZE"]
[BlackTeamCountry "RUS"]

1. e4 g6 2. d4 Bg7 3. Nc3 c5 4. d5 d6 5. Nf3 Nf6 6. Bb5+ Nfd7 7. a4 0-0 8. 0-0 Na6 9. Re1 Nc7 10. Bf1 b6 11. h3 Ba6 12. Nb5 1/2-1/2

[Event "Wch Seniors 17th"]
[Site "Gmunden"]
[Date "2007.09.17"]
[Round "1"]
[White "Shabanov, Yuri"]
[Black "Palmo, Pentti Olavi"]
[Result "1-0"]
[WhiteElo "2431"]
[BlackElo "2067"]
[PlyCount "86"]
[EventDate "2007.09.17"]
[EventType "swiss"]
[EventRounds "11"]
[EventCountry "AUT"]
[SourceTitle "CBM 120 Extra"]
[Source "ChessBase"]
[SourceDate "2007.11.01"]
[SourceVersion "1"]
[SourceVersionDate "2007.11.01"]
[SourceQuality "1"]

1. e4 d6 2. d4 Nf6 3. Bd3 g6 4. Ne2 Bg7 5. 0-0 c5 6. c3 0-0 7. Bg5 Nc6 8. Nd2 cxd4 9. cxd4 Qa5 10. Bh4 Bd7 11. a3 Qd8 12. h3 Nh5 13. Nf3 Re8 14. b4 a6 15. Rc1 Bh6 16. Rc3 Nf4 17. Nxf4 Bxf4 18. Bc4 Qb6 19. Qb3 Nd8 20. Bg5 Bxg5 21. Nxg5 e6 22. Rd1 Bb5 23. a4 Bxc4 24. Rxc4 h6 25. Nf3 Nc6 26. Qe3 Kg7 27. e5 d5 28. a5 Qd8 29. Rc5 Qe7 30. Rdc1 Rec8 31. h4 Na7 32. h5 g5 33. Nh2 Rxc5 34. bxc5 Nc6 35. Ra1 f6 36. Ng4 fxe5 37. Nxe5 Nxe5 38. Qxe5+ Qf6 39. Qxf6+ Kxf6 40. Rb1 Ra7 41. g4 e5 42. Rb6+ Kf7 43. Rb1 Ra8 1-0

[Event "Kaluga Tsiolkovsky Memorial op"]
[Site "Kaluga"]
[Date "2007.08.12"]
[Round "9"]
[White "Korobkov, Piotr"]
[Black "Shabanov, Yuri"]
[Result "1/2-1/2"]
[WhiteElo "2423"]
[BlackElo "2431"]
[PlyCount "41"]
[EventDate "2007.08.03"]
[EventType "swiss"]
[EventRounds "9"]
[EventCountry "RUS"]
[SourceTitle "CBM 119 Extra"]
[Source "ChessBase"]
[SourceDate "2007.09.04"]
[SourceVersion "1"]
[SourceVersionDate "2007.09.04"]
[SourceQuality "1"]

1. d4 d5 2. c4 c6 3. Nf3 Nf6 4. e3 Bf5 5. Nc3 e6 6. Nh4 Bg6 7. Nxg6 hxg6 8. g3 Nbd7 9. Bg2 dxc4 10. Qe2 e5 11. 0-0 Bd6 12. Rd1 Qe7 13. Qxc4 Nb6 14. Qe2 exd4 15. Rxd4 0-0 16. Rd1 Rfe8 17. e4 Bb4 18. Re1 Bxc3 19. bxc3 Qc5 20. Qc2 Nc4 21. Be3 1/2-1/2

[Event "Kaluga Tsiolkovsky Memorial op"]
[Site "Kaluga"]
[Date "2007.08.08"]
[Round "6"]
[White "Shabanov, Yuri"]
[Black "Dmitriev, Igor"]
[Result "1/2-1/2"]
[WhiteElo "2431"]
[BlackElo "2310"]
[PlyCount "86"]
[EventDate "2007.08.03"]
[EventType "swiss"]
[EventRounds "9"]
[EventCountry "RUS"]
[SourceTitle "CBM 119 Extra"]
[Source "ChessBase"]
[SourceDate "2007.09.04"]
[SourceVersion "1"]
[SourceVersionDate "2007.09.04"]
[SourceQuality "1"]

1. e4 e6 2. d3 b5 3. Nf3 Bb7 4. Be2 Be7 5. c3 d5 6. Nbd2 c5 7. 0-0 Nc6 8. Re1 Nf6 9. e5 Nd7 10. d4 b4 11. Nf1 Qb6 12. h4 a5 13. Bg5 Bxg5 14. hxg5 Ba6 15. Ng3 0-0 16. Qd2 Rfb8 17. Bd1 bxc3 18. bxc3 cxd4 19. cxd4 Qb4 20. Qe3 Bc4 21. a3 Qe7 22. Ba4 Bb5 23. Bc2 Nf8 24. Nh5 Ng6 25. Rab1 Qc7 26. Rec1 Bc4 27. Nf4 Rxb1 28. Bxb1 a4 29. Nd3 Qd8 30. Bc2 Bxd3 31. Qxd3 Na5 32. Bxa4 Nc4 33. Bd1 Rxa3 34. Qb1 Nf4 35. Qb7 Qa8 36. Qxa8+ Rxa8 37. g3 Nd3 38. Rb1 h6 39. Be2 Ra3 40. Kg2 Ndb2 41. Bxc4 Nxc4 42. Rb8+ Kh7 43. Rb7 Kg8 1/2-1/2

[Event "Moscow-ch op sf"]
[Site "Moscow"]
[Date "2007.03.24"]
[Round "9"]
[White "Sambuev, Bator"]
[Black "Shabanov, Yuri"]
[Result "1/2-1/2"]
[WhiteElo "2485"]
[BlackElo "2422"]
[PlyCount "79"]
[EventDate "2007.03.05"]
[EventType "swiss"]
[EventRounds "9"]
[EventCountry "RUS"]
[SourceTitle "EXT 2022"]
[Source "ChessBase"]
[SourceDate "2021.10.06"]
[SourceVersion "1"]
[SourceVersionDate "2021.10.06"]
[SourceQuality "1"]

1. d4 d5 2. c4 c6 3. Nf3 Nf6 4. e3 Bf5 5. Nc3 e6 6. Nh4 Bg6 7. Nxg6 hxg6 8. Bd2 Nbd7 9. Qb3 Qb6 10. Be2 Be7 11. Rc1 0-0 12. h4 dxc4 13. Bxc4 e5 14. Qxb6 Nxb6 15. dxe5 Nxc4 16. exf6 Bxf6 17. b3 Nxd2 18. Kxd2 Rfd8+ 19. Ke2 Bxc3 20. Rxc3 Kf8 21. Rc4 Rd6 22. h5 gxh5 23. Rxh5 Ke7 24. Rh7 g6 25. Re4+ Re6 26. Rd4 c5 27. Rf4 Rf8 28. Rh1 Rd8 29. Rc1 b6 30. b4 cxb4 31. Rc7+ Rd7 32. Rxf7+ Kxf7 33. Rxd7+ Re7 34. Rd4 Rc7 35. f4 a5 36. Rd6 Rc2+ 37. Kf3 Rxa2 38. Rxb6 Rb2 39. Ra6 Ra2 40. Rb6 1/2-1/2

[Event "Moscow-ch op sf"]
[Site "Moscow"]
[Date "2007.03.21"]
[Round "8"]
[White "Shabanov, Yuri"]
[Black "Munguntuul, Batkhuyag"]
[Result "1-0"]
[WhiteElo "2422"]
[BlackElo "2397"]
[PlyCount "75"]
[EventDate "2007.03.05"]
[EventType "swiss"]
[EventRounds "9"]
[EventCountry "RUS"]
[SourceTitle "EXT 2022"]
[Source "ChessBase"]
[SourceDate "2021.10.06"]
[SourceVersion "1"]
[SourceVersionDate "2021.10.06"]
[SourceQuality "1"]

1. e4 c5 2. Nf3 Nc6 3. Bb5 g6 4. 0-0 Bg7 5. h3 Nf6 6. e5 Nd5 7. Nc3 Nxc3 8. dxc3 Nxe5 9. Nxe5 Bxe5 10. Qd5 Bg7 11. Qxc5 0-0 12. Bf4 d6 13. Qe3 Be6 14. Rfe1 Qc7 15. Ba4 Qc5 16. Bg5 Qc7 17. Bb3 d5 18. Bh6 Rfd8 19. Bxg7 Kxg7 20. Rad1 Rd6 21. Rd4 Qd8 22. Red1 h6 23. Qd2 Qb6 24. Rh4 g5 25. Rd4 Rad8 26. Rb4 Qa6 27. Qd4+ Kg8 28. Ra4 Qe2 29. Rxa7 g4 30. Rd3 Qe1+ 31. Kh2 Bf5 32. Rg3 h5 33. Qe3 Qf1 34. Qg5+ Bg6 35. Rxb7 Re8 36. hxg4 h4 37. Rf3 Kg7 38. Bxd5 1-0

[Event "Moscow-ch op sf"]
[Site "Moscow"]
[Date "2007.03.17"]
[Round "6"]
[White "Shabanov, Yuri"]
[Black "Soltanici, Ruslan"]
[Result "1/2-1/2"]
[WhiteElo "2422"]
[BlackElo "2372"]
[PlyCount "38"]
[EventDate "2007.03.05"]
[EventType "swiss"]
[EventRounds "9"]
[EventCountry "RUS"]
[SourceTitle "EXT 2022"]
[Source "ChessBase"]
[SourceDate "2021.10.06"]
[SourceVersion "1"]
[SourceVersionDate "2021.10.06"]
[SourceQuality "1"]

1. e4 c5 2. Nf3 d6 3. Bb5+ Nd7 4. d4 Ngf6 5. Nc3 cxd4 6. Qxd4 e5 7. Qd3 h6 8. Be3 a6 9. Bc4 Qc7 10. a4 Nb6 11. Bxb6 Qxb6 12. 0-0 Be6 13. a5 Qc7 14. Nd2 Be7 15. Bb3 Rc8 16. Ra4 Bd7 17. Raa1 Be6 18. Ra4 Bd7 19. Raa1 Be6 1/2-1/2

[Event "Moscow-ch op sf"]
[Site "Moscow"]
[Date "2007.03.12"]
[Round "4"]
[White "Shabanov, Yuri"]
[Black "Turutin, Alexander"]
[Result "1/2-1/2"]
[WhiteElo "2422"]
[BlackElo "2300"]
[PlyCount "67"]
[EventDate "2007.03.05"]
[EventType "swiss"]
[EventRounds "9"]
[EventCountry "RUS"]
[SourceTitle "EXT 2022"]
[Source "ChessBase"]
[SourceDate "2021.10.06"]
[SourceVersion "1"]
[SourceVersionDate "2021.10.06"]
[SourceQuality "1"]

1. e4 c5 2. f4 d5 3. exd5 Nf6 4. Bb5+ Bd7 5. Bxd7+ Qxd7 6. c4 e6 7. dxe6 fxe6 8. Nf3 Nc6 9. 0-0 Bd6 10. d3 0-0 11. Nc3 e5 12. f5 Qxf5 13. Ng5 Qd7 14. Nge4 Nxe4 15. dxe4 Rxf1+ 16. Qxf1 Rf8 17. Qd3 Nd4 18. Bd2 Be7 19. Nd5 Bh4 20. Rf1 Rxf1+ 21. Qxf1 Qg4 22. Nc3 Bg5 23. h3 Qg3 24. Nd5 h6 25. Bc3 Be3+ 26. Kh1 Bf4 27. Kg1 Ne6 28. Qf2 Qd3 29. Nxf4 exf4 30. Qf3 Qxc4 31. b3 Qa6 32. Qg4 Qc6 33. Be5 c4 34. Kh2 1/2-1/2

[Event "EU-chT Seniors 09th"]
[Site "Dresden"]
[Date "2007.02.23"]
[Round "8"]
[White "Shabanov, Yuri"]
[Black "Hecht, Hans Joachim"]
[Result "1/2-1/2"]
[WhiteElo "2422"]
[BlackElo "2396"]
[PlyCount "46"]
[EventDate "2007.02.16"]
[EventType "team-swiss"]
[EventRounds "9"]
[EventCountry "GER"]
[SourceTitle "CBM 117 Extra"]
[Source "ChessBase"]
[SourceDate "2007.05.09"]
[SourceVersion "1"]
[SourceVersionDate "2007.05.09"]
[SourceQuality "1"]

1. e4 e6 2. d3 d5 3. Nd2 Nf6 4. Ngf3 Nc6 5. c3 a5 6. Be2 Be7 7. 0-0 0-0 8. Re1 e5 9. Qc2 Re8 10. Nf1 h6 11. Ng3 Bf8 12. Bd2 Be6 13. b3 Nd7 14. a3 dxe4 15. dxe4 Nc5 16. b4 Nb3 17. Rab1 Nxd2 18. Nxd2 axb4 19. axb4 g6 20. Bc4 Qf6 21. Ra1 h5 22. Ngf1 Bh6 23. Qb3 Rad8 1/2-1/2

[Event "EU-chT Seniors 09th"]
[Site "Dresden"]
[Date "2007.02.21"]
[Round "6"]
[White "Pushkov, Nikolai"]
[Black "Shabanov, Yuri"]
[Result "1-0"]
[WhiteElo "2522"]
[BlackElo "2422"]
[PlyCount "93"]
[EventDate "2007.02.16"]
[EventType "team-swiss"]
[EventRounds "9"]
[EventCountry "GER"]
[SourceTitle "CBM 117 Extra"]
[Source "ChessBase"]
[SourceDate "2007.05.09"]
[SourceVersion "1"]
[SourceVersionDate "2007.05.09"]
[SourceQuality "1"]

1. d4 d5 2. c4 c6 3. cxd5 cxd5 4. Nc3 Nf6 5. Nf3 Nc6 6. Bf4 Nh5 7. Bg3 Nxg3 8. hxg3 e5 9. Nxe5 Nxe5 10. dxe5 d4 11. Qa4+ Qd7 12. Nb5 Bc5 13. Nc7+ Ke7 14. Qxd7+ Bxd7 15. Nxa8 Rxa8 16. a3 h6 17. Rc1 Bb6 18. Kd2 Rd8 19. f4 a5 20. Rh4 a4 21. g4 Bc6 22. Rh3 Rd5 23. b4 axb3 24. Rxb3 Ba5+ 25. Rb4 Bd7 26. Kd3 Bxb4 27. axb4 Bb5+ 28. Kd2 f6 29. Rc7+ Rd7 30. exf6+ Kxf6 31. Rxd7 Bxd7 32. Kd3 g5 33. g3 Bxg4 34. Kxd4 b6 35. e4 gxf4 36. gxf4 h5 37. Ke3 h4 38. e5+ Ke6 39. Bc4+ Kd7 40. Bd5 Ke7 41. Ke4 Bh3 42. Kf3 Kf8 43. Be4 Kg7 44. f5 Kh6 45. Kf4 Bf1 46. f6 h3 47. Kg3 1-0

[Event "EU-chT Seniors 09th"]
[Site "Dresden"]
[Date "2007.02.20"]
[Round "5"]
[White "Shabanov, Yuri"]
[Black "Tseitlin, Mark D"]
[Result "1/2-1/2"]
[WhiteElo "2422"]
[BlackElo "2480"]
[PlyCount "56"]
[EventDate "2007.02.16"]
[EventType "team-swiss"]
[EventRounds "9"]
[EventCountry "GER"]
[SourceTitle "CBM 117 Extra"]
[Source "ChessBase"]
[SourceDate "2007.05.09"]
[SourceVersion "1"]
[SourceVersionDate "2007.05.09"]
[SourceQuality "1"]

1. e4 c5 2. f4 Nc6 3. Nf3 e6 4. Be2 d5 5. d3 Nf6 6. e5 Nd7 7. c3 d4 8. 0-0 Be7 9. Na3 0-0 10. Kh1 Nb6 11. c4 Nd7 12. Nc2 f6 13. exf6 Nxf6 14. Bd2 a5 15. Qe1 Bd6 16. Qh4 Bd7 17. Na3 Ne7 18. Ne5 Ng6 19. Qg3 Be8 20. Nb5 Bb8 21. Rae1 Ra6 22. Bf3 Qc8 23. h4 a4 24. h5 Ne7 25. Qh3 Rb6 26. Ba5 Ra6 27. Bd2 Rb6 28. Ba5 Ra6 1/2-1/2

[Event "Moscow op 03rd"]
[Site "Moscow"]
[Date "2007.01.31"]
[Round "5"]
[White "Shabanov, Yuri"]
[Black "Chuprov, Dmitry"]
[Result "1/2-1/2"]
[WhiteElo "2422"]
[BlackElo "2534"]
[PlyCount "90"]
[EventDate "2007.01.27"]
[EventType "swiss"]
[EventRounds "9"]
[EventCountry "RUS"]
[SourceTitle "CBM 116 Extra"]
[Source "ChessBase"]
[SourceDate "2007.03.07"]
[SourceVersion "1"]
[SourceVersionDate "2007.03.07"]
[SourceQuality "1"]

1. e4 d6 2. d4 Nf6 3. Nc3 c6 4. a4 Nbd7 5. Nf3 e5 6. Bc4 Be7 7. 0-0 0-0 8. Re1 a5 9. h3 Re8 10. Ba2 Bf8 11. Be3 h6 12. Qd2 Rb8 13. Qd3 b5 14. axb5 cxb5 15. Nxb5 Ba6 16. c4 d5 17. dxe5 dxe4 18. Qd1 exf3 19. exf6 Bb4 20. Nc3 fxg2 21. Bf4 Rxe1+ 22. Qxe1 Rc8 23. fxg7 Qh4 24. Qe3 Bxc3 25. bxc3 Qh5 26. Bb3 Nf6 27. Bd1 Qf5 28. Qg3 Bxc4 29. Bg4 Nxg4 30. hxg4 Qe4 31. Qe3 Bd5 32. Rxa5 Qb1+ 33. Qc1 Qd3 34. Ra1 Bc4 35. Be3 Qf1+ 36. Qxf1 gxf1Q+ 37. Rxf1 Bxf1 38. Kxf1 Kxg7 39. Ke2 Kg6 40. Kd3 Rf8 41. Ke4 Re8+ 42. Kd5 Rd8+ 43. Ke4 Rc8 44. Kd4 Rd8+ 45. Ke4 Re8+ 1/2-1/2

[Event "RUS-ch 1st League 59th"]
[Site "Tomsk"]
[Date "2006.09.03"]
[Round "1"]
[White "Shabanov, Yuri"]
[Black "Bocharov, Dmitry"]
[Result "0-1"]
[WhiteElo "2443"]
[BlackElo "2571"]
[PlyCount "96"]
[EventDate "2006.09.03"]
[EventType "swiss"]
[EventRounds "9"]
[EventCountry "RUS"]
[SourceTitle "CBM 114 Extra"]
[Source "ChessBase"]
[SourceDate "2006.11.03"]
[SourceVersion "1"]
[SourceVersionDate "2006.11.03"]
[SourceQuality "1"]

1. e4 c5 2. Nf3 e6 3. c3 Nf6 4. e5 Nd5 5. d4 cxd4 6. cxd4 d6 7. a3 Be7 8. Bd3 b6 9. 0-0 Bb7 10. Re1 Nd7 11. Bd2 0-0 12. Nc3 dxe5 13. dxe5 Nc5 14. Bc2 Rc8 15. Ne4 Nxe4 16. Bxe4 Rc7 17. Rc1 Rxc1 18. Qxc1 Qd7 19. Qc2 h6 20. Rc1 Rd8 21. h3 Bf8 22. Bh7+ Kh8 23. Be4 a5 24. Qc4 b5 25. Qe2 b4 26. axb4 Nxb4 27. Bxb4 Bxb4 28. Bxb7 Qxb7 29. Rd1 Rc8 30. Qd3 Kg8 31. h4 g6 32. Qe3 Kg7 33. Rc1 Rd8 34. b3 Rd7 35. Rc4 Be7 36. Qc3 Qa7 37. Rd4 Rb7 38. Rc4 Qb6 39. Rc6 Qxb3 40. Qxa5 Bxh4 41. Qa8 Rb8 42. Qa7 Bd8 43. Kh2 Qb7 44. Qxb7 Rxb7 45. Rc2 Rb4 46. Rc8 Ba5 47. Ra8 Rb5 48. Nd4 Rxe5 0-1

[Event "Moscow op 02nd"]
[Site "Moscow"]
[Date "2006.02.05"]
[Round "8"]
[White "Shabanov, Yuri"]
[Black "Geller, Jakov"]
[Result "1/2-1/2"]
[WhiteElo "2427"]
[BlackElo "2505"]
[PlyCount "25"]
[EventDate "2006.01.29"]
[EventType "swiss"]
[EventRounds "9"]
[EventCountry "RUS"]
[SourceTitle "CBM 110 Extra"]
[Source "ChessBase"]
[SourceDate "2006.03.10"]
[SourceVersion "2"]
[SourceVersionDate "2006.03.10"]
[SourceQuality "1"]

1. e4 c5 2. Nf3 e6 3. d3 b5 4. g3 Bb7 5. Bg2 d6 6. 0-0 Nf6 7. Re1 Be7 8. a4 b4 9. e5 dxe5 10. Nxe5 Bxg2 11. Kxg2 Qd5+ 12. Qf3 Qxf3+ 13. Kxf3 1/2-1/2

[Event "Moscow op 02nd"]
[Site "Moscow"]
[Date "2006.01.31"]
[Round "3"]
[White "Shabanov, Yuri"]
[Black "Iskusnyh, Sergei"]
[Result "1/2-1/2"]
[WhiteElo "2427"]
[BlackElo "2510"]
[PlyCount "39"]
[EventDate "2006.01.29"]
[EventType "swiss"]
[EventRounds "9"]
[EventCountry "RUS"]
[SourceTitle "CBM 110 Extra"]
[Source "ChessBase"]
[SourceDate "2006.03.10"]
[SourceVersion "2"]
[SourceVersionDate "2006.03.10"]
[SourceQuality "1"]

1. e4 c5 2. Nf3 d6 3. c3 Nf6 4. Be2 Bg4 5. 0-0 e6 6. Re1 Be7 7. d4 cxd4 8. cxd4 0-0 9. Nc3 d5 10. exd5 Nxd5 11. Qb3 Nc6 12. Nxd5 Qxd5 13. Qxd5 exd5 14. Be3 Bb4 15. Red1 Rfe8 16. Kf1 Rac8 17. Rac1 f6 18. h3 Bh5 19. g4 Bf7 20. Ne1 1/2-1/2

[Event "RUS-ch sf 58th"]
[Site "Kazan"]
[Date "2005.09.03"]
[Round "1"]
[White "Shabanov, Yuri"]
[Black "Khismatullin, Denis Rimovich"]
[Result "0-1"]
[WhiteElo "2451"]
[BlackElo "2583"]
[PlyCount "62"]
[EventDate "2005.09.03"]
[EventType "swiss"]
[EventRounds "9"]
[EventCountry "RUS"]
[SourceTitle "CBM 109"]
[Source "ChessBase"]
[SourceDate "2005.11.14"]
[SourceVersion "1"]
[SourceVersionDate "2005.11.14"]
[SourceQuality "1"]

1. e4 c5 2. Nf3 d6 3. c3 Nf6 4. Be2 g6 5. 0-0 Bg7 6. Bb5+ Nbd7 7. Re1 a6 8. Bf1 0-0 9. d4 e5 10. dxe5 dxe5 11. Nbd2 b5 12. a4 Rb8 13. b3 Ne8 14. Nb1 Qc7 15. axb5 axb5 16. Na3 Nd6 17. c4 bxc4 18. Nxc4 Nb5 19. Bd2 Re8 20. Ne3 Nf6 21. Bc4 Be6 22. Ng5 Bxc4 23. bxc4 Nd4 24. Ra2 Qb7 25. Nd5 h6 26. Nf3 Nxd5 27. cxd5 f5 28. Nh4 fxe4 29. Nxg6 Qxd5 30. Ra7 Rb7 31. Qa4 Re6 0-1